00830 2200313 4500001002100000005001500021035002000036007000300056040001700059100002000076245004300096250001600139300003900155041000800194082001100202090002100213264003700234336002100271337003000292338002300322650001200345850001000357008004100367020002200408504002400430500002200454990002000476990002000496INLIS00000000000584620260424114004 a0010-0322000090ta aSBPUPADbind0 aTianePengarang1 aPerencanaan Usaha :bMie Basah /cTian a.-Ed.Revisi avi, 58 hlm. :bilis. ;c17,5x25 cm0 aind a338.04 a338.1 HAS d 10-2 a.--Bandung :bTitian Ilmu,c2014 2rdacontentaTeks 2rdamediaaTanpa Perantara 2rdacarrieraVolume 4aKuliner aPUPAD260424 0  a978-979-027-077-0 aBibliografi, hal 56 aGlosarium, hal 55 a24.272/H/DPK/17 a24.273/H/DPK/17